[Event "25. Schweinfurt Open"]
[Site "Schweinfurt"]
[Date "2015.06.04"]
[Round "1.1"]
[White "FM Golda, Harald"]
[Black "Volkamer, Tobias"]
[Result "1-0"]
[WhiteElo "2346"]
[BlackElo "1805"]
[PlyCount "49"]
[EventDate "2015.??.??"]

1. d4 d5 2. Nf3 Nf6 3. c4 e6 4. Nc3 Nbd7 5. cxd5 exd5 6. Bg5 c6 7. e3 Be7 8.
Bd3 O-O 9. Qc2 Re8 10. O-O h6 11. Bh4 Ne4 12. Bxe7 Qxe7 13. Rfe1 Ndf6 14. Ne5
Nd6 15. b4 a6 16. a4 Ng4 17. f4 Qh4 18. g3 Qh5 19. Qg2 Nf5 20. Nd1 f6 21. Nxg4
Qxg4 22. Nf2 Nxe3 23. Nxg4 Nxg2 24. Rxe8+ Kf7 25. Rxc8 1-0

[Event "25. Schweinfurt Open"]
[Site "Schweinfurt"]
[Date "2015.06.04"]
[Round "1.2"]
[White "Markwardt, Sven"]
[Black "Seidens, Udo"]
[Result "0-1"]
[WhiteElo "1795"]
[BlackElo "2222"]
[PlyCount "56"]
[EventDate "2015.??.??"]

1. Nf3 d5 2. c4 c6 3. d4 Nf6 4. Nc3 g6 5. g3 Bg7 6. Bg2 O-O 7. O-O Ne4 8. Nxe4
dxe4 9. Ne5 f6 10. Nxg6 hxg6 11. Bxe4 f5 12. Bf3 Qxd4 13. Qb3 Qb6 14. Qa3 c5
15. Rd1 Nc6 16. Be3 Nd4 17. Bxd4 Bxd4 18. Rab1 a5 19. h4 Be6 20. b3 Bf7 21. Qc1
Rad8 22. h5 gxh5 23. Qg5+ Qg6 24. Qxe7 Qxg3+ 25. Kh1 Qh3+ 26. Kg1 Kh8 27. Rxd4
cxd4 28. Qe5+ Kh7 0-1

[Event "25. Schweinfurt Open"]
[Site "Schweinfurt"]
[Date "2015.06.04"]
[Round "1.3"]
[White "Promyshlyanskyy, Vitaliy"]
[Black "Ley, Reinhard"]
[Result "1-0"]
[WhiteElo "2217"]
[BlackElo "1779"]
[PlyCount "101"]
[EventDate "2015.??.??"]

1. e4 Nf6 2. e5 Nd5 3. d4 d6 4. Nf3 Nc6 5. c4 Nb6 6. exd6 cxd6 7. d5 Ne5 8.
Nxe5 dxe5 9. a4 Bf5 10. c5 Nd7 11. c6 bxc6 12. Qf3 Bxb1 13. dxc6 e4 14. Qh3 Bd3
15. Bxd3 exd3 16. cxd7+ Qxd7 17. Qxd7+ Kxd7 18. Ra3 e5 19. Rxd3+ Ke6 20. O-O
Bc5 21. Rfd1 Bd4 22. Be3 Bxb2 23. Rd6+ Kf5 24. Rd7 Kg6 25. Bxa7 Rhc8 26. R1d6+
f6 27. g3 Rc4 28. a5 Bd4 29. Bxd4 exd4 30. a6 Ra4 31. Rb6 R4xa6 32. Rbb7 Rg8
33. Rxd4 Re6 34. Kg2 Ra6 35. Kh3 Ra5 36. f4 h6 37. Kg4 Kh7 38. Kh4 Kh8 39. g4
Rc5 40. Rdd7 Kh7 41. Rf7 Kh8 42. Rb3 Rd8 43. f5 Rcd5 44. Kh5 Rd4 45. h3 Rd3 46.
Rxd3 Rxd3 47. Kg6 Rd8 48. Rxg7 Rd3 49. Ra7 Rd8 50. Kxh6 Rg8 51. Rh7# 1-0

[Event "25. Schweinfurt Open"]
[Site "Schweinfurt"]
[Date "2015.06.04"]
[Round "1.4"]
[White "Brux, Jürgen"]
[Black "FM Kunz, Konstantin"]
[Result "0-1"]
[WhiteElo "1775"]
[BlackElo "2186"]
[PlyCount "74"]
[EventDate "2015.??.??"]

1. d4 Nf6 2. c4 e6 3. Nf3 b6 4. g3 Ba6 5. Qc2 Bb7 6. Bg2 c5 7. dxc5 bxc5 8. O-O
d6 9. Nc3 Be7 10. b3 Nbd7 11. Bb2 O-O 12. Rad1 a6 13. Rfe1 Qc7 14. e4 Rfd8 15.
Rd2 Rac8 16. Rde2 h6 17. e5 dxe5 18. Nxe5 Nxe5 19. Rxe5 Rd7 20. Bxb7 Qxb7 21.
R5e2 Rcd8 22. Rd1 Rxd1+ 23. Nxd1 Nh7 24. Bc1 g5 25. f4 Bf6 26. h3 Qf3 27. Kh2
Bd4 28. Nf2 Nf6 29. Ne4 Nxe4 30. Qxe4 Bg1+ 31. Kxg1 Rd1+ 32. Re1 Qxe4 33. Rxd1
Qf3 34. Rd8+ Kh7 35. Ba3 Qxg3+ 36. Kf1 Qxh3+ 37. Kf2 Qh4+ 0-1

[Event "25. Schweinfurt Open"]
[Site "Schweinfurt"]
[Date "2015.06.04"]
[Round "1.5"]
[White "Ziegler, Michael"]
[Black "Hartmann, Christian"]
[Result "1-0"]
[WhiteElo "2183"]
[BlackElo "1744"]
[PlyCount "117"]
[EventDate "2015.??.??"]

1. d4 d5 2. Nf3 Nf6 3. c4 c6 4. Qc2 e6 5. g3 Be7 6. Bg2 Nbd7 7. O-O O-O 8. Nbd2
Re8 9. e4 dxe4 10. Nxe4 Nxe4 11. Qxe4 Nf8 12. Bd2 Bd7 13. b4 Bd6 14. Rfd1 f6
15. Bc3 Rc8 16. a4 b6 17. Rab1 Bb8 18. h4 Qe7 19. Rd2 Qf7 20. Ne1 e5 21. dxe5
Bxe5 22. Bxe5 Rxe5 23. Qf4 Rf5 24. Qe4 Re5 25. Qc2 Bf5 26. Nd3 Qe7 27. Qc3 Bxd3
28. Rxd3 c5 29. b5 Re8 30. Bd5+ Kh8 31. a5 Re1+ 32. Rxe1 Qxe1+ 33. Qxe1 Rxe1+
34. Kg2 g6 35. axb6 axb6 36. Ra3 Re7 37. Ra8 Kg7 38. Rb8 Nd7 39. Rg8+ Kh6 40.
Rd8 g5 41. Bc6 Ne5 42. hxg5+ fxg5 43. Rd6+ Kg7 44. Bd5 Nd7 45. f4 gxf4 46. gxf4
Kh8 47. Kf3 Kg7 48. Be6 Nf8 49. Bf5 Rb7 50. Ke4 Re7+ 51. Kd5 Rf7 52. Bc8 Rf6
53. Rxf6 Kxf6 54. Kc6 Ke7 55. Kxb6 Kd6 56. Bf5 h5 57. Ka7 Nd7 58. Bxd7 Kxd7 59.
b6 1-0

[Event "25. Schweinfurt Open"]
[Site "Schweinfurt"]
[Date "2015.06.04"]
[Round "1.6"]
[White "Bauer, Ron Dominik Steven"]
[Black "Krauß, Josef"]
[Result "1/2-1/2"]
[WhiteElo "1733"]
[BlackElo "2136"]
[PlyCount "81"]
[EventDate "2015.??.??"]

1. e4 d6 2. d4 Nf6 3. Nc3 Nbd7 4. Nf3 e5 5. Bc4 Be7 6. O-O O-O 7. Qe2 c6 8.
dxe5 dxe5 9. Rd1 Qc7 10. a4 a5 11. Bg5 Nc5 12. Rd2 Ne6 13. Rad1 h6 14. Bh4 Nf4
15. Qe3 g5 16. Bg3 Ng4 17. Qe1 Qb6 18. Bb3 Qc5 19. Qf1 Nf6 20. Qc4 Bg4 21. Bxf4
gxf4 22. Rd3 Qxc4 23. Bxc4 Bb4 24. Re1 Rfe8 25. Nd2 Rad8 26. Rb1 Rd4 27. f3 Bc8
28. Rd1 Red8 29. Kf2 Rxd3 30. Bxd3 Be6 31. Ke2 Rd4 32. Ra1 Nd7 33. Nb3 Bxb3 34.
cxb3 Be7 35. Rd1 Kf8 36. Bc4 Rxd1 37. Kxd1 Nc5 38. Kd2 Bh4 39. Ke2 Ke7 40. Na2
Ke8 41. Nc1 1/2-1/2

[Event "25. Schweinfurt Open"]
[Site "Schweinfurt"]
[Date "2015.06.04"]
[Round "1.7"]
[White "Pototzky, Daniel"]
[Black "Wolf, Pablo"]
[Result "1-0"]
[WhiteElo "2135"]
[BlackElo "1722"]
[PlyCount "51"]
[EventDate "2015.??.??"]

1. e4 c5 2. c3 d6 3. d4 cxd4 4. cxd4 Nf6 5. Nc3 a6 6. Nf3 e6 7. Bd3 Be7 8. O-O
O-O 9. Qe2 Nc6 10. e5 Ne8 11. Qe4 f5 12. exf6 Nxf6 13. Qh4 Qe8 14. d5 Ne5 15.
Nxe5 dxe5 16. Bg5 g6 17. d6 Bd8 18. f4 Nd7 19. fxe5 Bb6+ 20. Kh1 Nxe5 21. Be2
Bd7 22. Ne4 Bd8 23. Rxf8+ Qxf8 24. Rf1 Qe8 25. Bxd8 Rxd8 26. Nf6+ 1-0

[Event "25. Schweinfurt Open"]
[Site "Schweinfurt"]
[Date "2015.06.04"]
[Round "1.8"]
[White "Nieke, Karl-Friedrich"]
[Black "Kuhn, Norbert"]
[Result "1/2-1/2"]
[WhiteElo "1684"]
[BlackElo "2116"]
[PlyCount "84"]
[EventDate "2015.??.??"]

1. d4 d5 2. Nf3 e6 3. e3 c5 4. b3 Nf6 5. Bb2 Bd6 6. Bd3 O-O 7. O-O Nc6 8. a3
Ne4 9. Nbd2 f5 10. Qe2 Qc7 11. Rac1 Bd7 12. c4 Rae8 13. dxc5 Nxc5 14. Bb1 Qb8
15. Rfd1 Kh8 16. Nf1 Nxb3 17. Bxg7+ Kxg7 18. Qb2+ Ne5 19. Nxe5 Bxe5 20. Qxb3
Bc6 21. cxd5 Bxd5 22. Rxd5 exd5 23. Qxd5 Re7 24. f4 Bb2 25. Re1 Qc8 26. Qb3 Qc3
27. Qxc3+ Bxc3 28. Rd1 Bb2 29. a4 Rc8 30. Bxf5 Rc1 31. Rd7 Rxd7 32. Bxd7 Rc7
33. Bf5 Rc5 34. g4 Bc1 35. Kf2 a6 36. Ng3 b5 37. axb5 axb5 38. Nh5+ Kh6 39. Nf6
Kg7 40. Nxh7 Rxf5 41. gxf5 Kxh7 42. Ke2 b4 1/2-1/2

[Event "25. Schweinfurt Open"]
[Site "Schweinfurt"]
[Date "2015.06.04"]
[Round "1.9"]
[White "Bräutigam, Thomas"]
[Black "Weineck, Ekkehard"]
[Result "1-0"]
[WhiteElo "2105"]
[BlackElo "1609"]
[PlyCount "65"]
[EventDate "2015.??.??"]

1. Nf3 d5 2. d4 Nf6 3. c4 c6 4. Nc3 Bf5 5. e3 e6 6. Be2 dxc4 7. Bxc4 Bd6 8. Qe2
Ne4 9. Nd2 Nxc3 10. bxc3 O-O 11. e4 Bg6 12. e5 Be7 13. O-O Nd7 14. Bb3 c5 15.
Bb2 cxd4 16. cxd4 Nb6 17. Ne4 Nd5 18. f4 a5 19. Nc5 Bxc5 20. dxc5 Nb4 21. Rfd1
Qe7 22. Rd6 a4 23. Bc4 Rac8 24. Rc1 Nc6 25. Bb5 Ra8 26. Bxc6 bxc6 27. Rxc6 Rfc8
28. Rxc8+ Rxc8 29. Qa6 Rb8 30. c6 Qc7 31. Ba3 Qc8 32. c7 Ra8 33. Qxa8 1-0

[Event "25. Schweinfurt Open"]
[Site "Schweinfurt"]
[Date "2015.06.04"]
[Round "1.10"]
[White "Wilm, Konrad"]
[Black "Orwatsch, Gerhard"]
[Result "1-0"]
[WhiteElo "1602"]
[BlackElo "2078"]
[PlyCount "93"]
[EventDate "2015.??.??"]

1. d4 g6 2. c4 Bg7 3. Nf3 d6 4. Nc3 Nc6 5. Bf4 Bg4 6. e3 Nf6 7. h3 Bd7 8. Be2
O-O 9. a3 Re8 10. Qc2 e5 11. dxe5 Nxe5 12. O-O Bf5 13. e4 Nxf3+ 14. Bxf3 Be6
15. b3 Nd7 16. Rad1 Qf6 17. Bd2 c6 18. Be2 Nb6 19. Nb1 Qe7 20. Rfe1 Rad8 21.
Bc3 f6 22. a4 Qf7 23. Rd3 Rd7 24. a5 Nc8 25. Red1 f5 26. f3 Bh6 27. Bd2 Bf8 28.
Bc3 b5 29. axb6 axb6 30. Be1 d5 31. exd5 cxd5 32. cxd5 Bxd5 33. Kf1 Rc7 34. Qa2
Ra7 35. Qc2 Rc7 36. Qa2 Be6 37. Nd2 Nd6 38. Qa6 Nc8 39. Rb1 Bc5 40. Qa4 Rce7
41. b4 Bd7 42. Rxd7 Rxd7 43. bxc5 Rxe2 44. Kxe2 Qe7+ 45. Kf1 bxc5 46. Qa8 Rc7
47. Bg3 1-0

[Event "25. Schweinfurt Open"]
[Site "Schweinfurt"]
[Date "2015.06.04"]
[Round "1.11"]
[White "Kilian, Markus"]
[Black "Langguth, Rolf"]
[Result "0-1"]
[WhiteElo "1993"]
[BlackElo "1598"]
[PlyCount "80"]
[EventDate "2015.??.??"]

1. d4 Nf6 2. c4 e6 3. Nc3 Bb4 4. f3 c6 5. e4 d5 6. cxd5 cxd5 7. e5 Nfd7 8. f4
O-O 9. Nf3 Nc6 10. Bd3 a6 11. Bxh7+ Kh8 12. Bc2 Be7 13. O-O g6 14. g4 Rg8 15.
Qe1 Nf8 16. Be3 Rg7 17. Rd1 b5 18. Kh1 Kg8 19. Rd2 Rh7 20. Rg1 Bh4 21. Bf2 Bxf2
22. Rxf2 Ne7 23. Nd1 Ra7 24. Ne3 Rg7 25. f5 exf5 26. gxf5 Nxf5 27. Ng4 Nh7 28.
Nf6+ Kh8 29. Re2 Be6 30. Ng5 Nxf6 31. exf6 Qxf6 32. Bxf5 gxf5 33. Qh4+ Kg8 34.
Re3 f4 35. Rf3 Qxd4 36. Rxf4 Qxb2 37. Qh6 Qe5 38. Rf6 d4 39. Qxg7+ Kxg7 40.
Ne4+ Kf8 0-1

[Event "25. Schweinfurt Open"]
[Site "Schweinfurt"]
[Date "2015.06.04"]
[Round "1.12"]
[White "Grasmik, Waldemar"]
[Black "Krenz, Dieter"]
[Result "0-1"]
[WhiteElo "1571"]
[BlackElo "1978"]
[PlyCount "58"]
[EventDate "2015.??.??"]

1. e4 Nf6 2. Nc3 d5 3. e5 d4 4. exf6 dxc3 5. bxc3 exf6 6. Be2 Bd6 7. Nf3 O-O 8.
O-O b6 9. d4 Bb7 10. Bb2 Nc6 11. d5 Ne7 12. Bc4 Nxd5 13. g3 Ne7 14. Be2 Ng6 15.
Bd3 Qd7 16. Re1 Rad8 17. Be4 c5 18. Qd3 Bxe4 19. Qxe4 Qb5 20. Rab1 Rfe8 21. Qg4
Rxe1+ 22. Nxe1 Ne5 23. Qh4 c4 24. f4 Bc5+ 25. Kg2 Rd2+ 26. Kh3 Qd7+ 27. g4 Ng6
28. Qh5 Nxf4+ 29. Kh4 Bf2# 0-1

[Event "25. Schweinfurt Open"]
[Site "Schweinfurt"]
[Date "2015.06.04"]
[Round "2.1"]
[White "Sendner, Markus"]
[Black "FM Golda, Harald"]
[Result "0-1"]
[WhiteElo "1919"]
[BlackElo "2346"]
[PlyCount "72"]
[EventDate "2015.??.??"]

1. d4 Nf6 2. Nf3 e6 3. c4 b6 4. g3 Ba6 5. Qc2 Be7 6. Bg2 O-O 7. Ne5 c6 8. O-O
d5 9. Rd1 Nfd7 10. Nxd7 Nxd7 11. b3 Rc8 12. Nd2 Nf6 13. e3 c5 14. Bb2 cxd4 15.
exd4 dxc4 16. bxc4 Bxc4 17. Nxc4 b5 18. Bf1 bxc4 19. Bxc4 Qa5 20. Qe2 Ba3 21.
Bxa3 Qxa3 22. Rd3 Qb4 23. Bb3 Rfd8 24. Rad1 Nd5 25. Qh5 a5 26. Rf3 Nf6 27. Qg5
h6 28. Qe5 Nd5 29. Re1 Qd6 30. Bxd5 Qxd5 31. Qf4 Rd7 32. Ra3 Rc2 33. Re5 Qc6
34. Qe4 Qc4 35. Rc5 Rc1+ 36. Kg2 Qf1+ 0-1

[Event "25. Schweinfurt Open"]
[Site "Schweinfurt"]
[Date "2015.06.04"]
[Round "2.2"]
[White "Seidens, Udo"]
[Black "Memmel, Günther"]
[Result "1-0"]
[WhiteElo "2222"]
[BlackElo "1894"]
[PlyCount "85"]
[EventDate "2015.??.??"]

1. c4 Nf6 2. g3 e6 3. Nf3 d5 4. d4 c5 5. cxd5 exd5 6. Bg2 Nc6 7. O-O Be7 8. Nc3
O-O 9. Bf4 h6 10. Rc1 cxd4 11. Nxd4 Qb6 12. Nxc6 bxc6 13. Qc2 Bd7 14. Na4 Qa6
15. a3 Qb5 16. Rfd1 Rac8 17. Be3 Bg4 18. f3 Bh5 19. Nc5 a5 20. Bh3 Rb8 21. Bd4
Bg6 22. Qd2 Rfe8 23. e3 Bd6 24. Bf1 Qb6 25. Na6 c5 26. Nxc5 Qd8 27. b4 axb4 28.
axb4 Nd7 29. f4 Bh5 30. Re1 Nb6 31. Qc3 f6 32. Bg2 Bf7 33. Ra1 Ra8 34. Rxa8
Nxa8 35. Ra1 Qc7 36. Ra6 Nb6 37. Qa1 Nc4 38. Ra8 Rb8 39. Qa6 Qd8 40. Rxb8 Qxb8
41. b5 Bc7 42. Qc6 Nb6 43. Na6 1-0

[Event "25. Schweinfurt Open"]
[Site "Schweinfurt"]
[Date "2015.06.04"]
[Round "2.3"]
[White "Wiener, Horst"]
[Black "Promyshlyanskyy, Vitaliy"]
[Result "0-1"]
[WhiteElo "1916"]
[BlackElo "2217"]
[PlyCount "118"]
[EventDate "2015.??.??"]

1. Nf3 Nf6 2. g3 g6 3. Bg2 Bg7 4. O-O d6 5. Nc3 e5 6. d3 c6 7. h3 O-O 8. e4 Na6
9. Bg5 h6 10. Bd2 Kh7 11. Rb1 Be6 12. Kh2 Ng8 13. b4 d5 14. b5 Nc5 15. bxc6
bxc6 16. exd5 cxd5 17. Rb5 Rc8 18. Re1 Qc7 19. Qb1 d4 20. Ne2 Bd7 21. Rxc5 Qxc5
22. Bb4 Qc7 23. Bxf8 Bxf8 24. Qb3 Be6 25. Qa4 Qxc2 26. Qxa7 Bg7 27. Nc1 Qb2 28.
Nxe5 Rxc1 29. Rxc1 Qxc1 30. Nxf7 Qc2 31. Nd8 Bxa2 32. Nc6 Qxf2 33. Nb4 Bf7 34.
Qc7 Nf6 35. Kh1 Ne8 36. Qe7 Qf6 37. Qxf6 Bxf6 38. Nd5 Be5 39. g4 Kg7 40. Kg1
Bxd5 41. Bxd5 Kf6 42. Kg2 Kg5 43. Kf3 Nd6 44. Be6 Kh4 45. Kg2 Nb5 46. Bf7 g5
47. Bd5 Nc3 48. Bf7 Bg7 49. Bb3 Ne2 50. Kf3 Nf4 51. Bd1 Nxd3 52. Be2 Nf4 53.
Bf1 Nxh3 54. Bd3 Nf4 55. Bf5 Bf8 56. Bc8 Bc5 57. Ba6 Ng6 58. Bc8 Ne5+ 59. Ke4
Nxg4 0-1

[Event "25. Schweinfurt Open"]
[Site "Schweinfurt"]
[Date "2015.06.04"]
[Round "2.4"]
[White "FM Kunz, Konstantin"]
[Black "Feichtner, Erich"]
[Result "1-0"]
[WhiteElo "2186"]
[BlackElo "1862"]
[PlyCount "63"]
[EventDate "2015.??.??"]

1. d4 d5 2. c4 c6 3. Nf3 Nf6 4. e3 e6 5. Nbd2 Nbd7 6. Bd3 Be7 7. O-O O-O 8. e4
dxe4 9. Nxe4 Qc7 10. Bg5 h6 11. Bh4 Re8 12. Bg3 Qa5 13. Re1 Nf8 14. Nd6 Rd8 15.
c5 Bxd6 16. Bxd6 Ne8 17. Bg3 Rd5 18. Be4 Rh5 19. Ne5 g6 20. Nxc6 bxc6 21. Bxc6
Nc7 22. b4 Qa6 23. b5 Nxb5 24. Bxa8 Bb7 25. Bxb7 Qxb7 26. Rb1 Qc6 27. Qd3 Nc7
28. Bxc7 Qxc7 29. h3 Nd7 30. Qb5 Rd5 31. Qa4 Qf4 32. Qxa7 1-0

[Event "25. Schweinfurt Open"]
[Site "Schweinfurt"]
[Date "2015.06.04"]
[Round "2.5"]
[White "Wohlfahrt, Michael"]
[Black "Ziegler, Michael"]
[Result "0-1"]
[WhiteElo "1852"]
[BlackElo "2183"]
[PlyCount "68"]
[EventDate "2015.??.??"]

1. e4 c5 2. Nf3 e6 3. g3 Nc6 4. Bg2 Nf6 5. d3 d5 6. e5 Nd7 7. Qe2 Qc7 8. O-O
Ndxe5 9. Nxe5 Qxe5 10. Qxe5 Nxe5 11. Re1 Nc6 12. Bxd5 Bd7 13. c3 O-O-O 14. Bg2
Be7 15. Be3 Be8 16. Bf1 Ne5 17. Rd1 Ba4 18. b3 Bc6 19. f4 Nf3+ 20. Kf2 Nxh2 21.
Be2 h5 22. Kg1 Ng4 23. Bf2 Nxf2 24. Kxf2 Bf6 25. Bf3 Bxf3 26. Kxf3 h4 27. g4 h3
28. Ke3 h2 29. Na3 Bxc3 30. Rab1 Bd4+ 31. Ke4 Bg1 32. Rxg1 hxg1=Q 33. Rxg1 Rd4+
34. Ke5 Rhd8 0-1

[Event "25. Schweinfurt Open"]
[Site "Schweinfurt"]
[Date "2015.06.04"]
[Round "2.6"]
[White "Völker, Joachim"]
[Black "Pototzky, Daniel"]
[Result "0-1"]
[WhiteElo "1835"]
[BlackElo "2135"]
[PlyCount "20"]
[EventDate "2015.??.??"]

1. e4 c5 2. Nf3 e6 3. c3 Nf6 4. e5 Nd5 5. d4 cxd4 6. Nxd4 Qc7 7. Qe2 a6 8. Nd2
d6 9. N2f3 dxe5 10. Nxe5 Nxc3 0-1

[Event "25. Schweinfurt Open"]
[Site "Schweinfurt"]
[Date "2015.06.04"]
[Round "2.7"]
[White "Blank, Stefan"]
[Black "Bräutigam, Thomas"]
[Result "0-1"]
[WhiteElo "1822"]
[BlackElo "2105"]
[PlyCount "122"]
[EventDate "2015.??.??"]

1. e4 c5 2. Nf3 Nc6 3. g3 g6 4. Bg2 Bg7 5. O-O Nf6 6. d3 O-O 7. Nbd2 e6 8. Re1
d5 9. c3 b6 10. e5 Ng4 11. d4 cxd4 12. cxd4 Nh6 13. Nf1 Nf5 14. Ne3 Nh6 15. Bf1
f6 16. Ng2 fxe5 17. dxe5 Nf7 18. Bf4 g5 19. Bb5 Na5 20. Bd2 a6 21. Bd3 g4 22.
Nfh4 Nc4 23. Bf4 Ncxe5 24. Bxe5 Qg5 25. Bxg7 Qxg7 26. Nf4 Ng5 27. Be2 e5 28.
Qxd5+ Kh8 29. Bxg4 exf4 30. Bxc8 Raxc8 31. Qe5 fxg3 32. Qxg7+ Kxg7 33. hxg3 Rc2
34. Rf1 Rxb2 35. a4 Nh3+ 36. Kg2 Nxf2 37. Kg1 Nh3+ 38. Kh1 Rxf1+ 39. Rxf1 Nf2+
40. Kg1 Ne4 41. Rf4 Rb4 42. Nf5+ Kf6 43. Ne3+ Ke5 44. Rf5+ Ke6 45. Rh5 Nf6 46.
Rh6 Rxa4 47. Kg2 Ke5 48. Rh1 b5 49. Re1 Kd4 50. Nf5+ Kd3 51. Re6 Ne4 52. Rh6
Ra2+ 53. Kf3 b4 54. Kf4 Rf2+ 55. Ke5 b3 56. Rxa6 b2 57. Rb6 Nc3 58. Rd6+ Ke2
59. Nd4+ Kf1 60. Nf5 b1=Q 61. Ne3+ Kg1 0-1

[Event "25. Schweinfurt Open"]
[Site "Schweinfurt"]
[Date "2015.06.04"]
[Round "2.8"]
[White "Krenz, Dieter"]
[Black "Raaber, Arthur"]
[Result "1-0"]
[WhiteElo "1978"]
[BlackElo "1814"]
[PlyCount "69"]
[EventDate "2015.??.??"]

1. e4 c6 2. d4 d5 3. Nc3 dxe4 4. Nxe4 Bf5 5. Ng3 Bg6 6. h4 h6 7. h5 Bh7 8. Nf3
Nf6 9. Bd3 Bxd3 10. Qxd3 e6 11. Bd2 Be7 12. O-O-O O-O 13. Qe2 Qc7 14. Kb1 Nbd7
15. Ne4 Nxe4 16. Qxe4 Bf6 17. g4 Qd8 18. g5 hxg5 19. Rdg1 Re8 20. Nxg5 Bxg5 21.
Bxg5 f6 22. Be3 Qe7 23. Bh6 g5 24. hxg6 f5 25. Qg2 Nf6 26. Qh3 Ng4 27. Bf8 Qf6
28. g7 Rxf8 29. Qh7+ Kf7 30. g8=Q+ Ke8 31. Qgg6+ Qxg6 32. Qxg6+ Ke7 33. Re1 Nf6
34. Qxf5 Nd5 35. Rh7+ 1-0

[Event "25. Schweinfurt Open"]
[Site "Schweinfurt"]
[Date "2015.06.04"]
[Round "2.9"]
[White "Langguth, Rolf"]
[Black "Reinl, Fred"]
[Result "0-1"]
[WhiteElo "1598"]
[BlackElo "1978"]
[PlyCount "89"]
[EventDate "2015.??.??"]

1. d4 e6 2. Nf3 Nf6 3. Bg5 Be7 4. e3 b6 5. Nbd2 Bb7 6. Bd3 d6 7. O-O Nbd7 8. c3
O-O 9. Qc2 h6 10. Bh4 c5 11. Rac1 Rc8 12. Qb1 Re8 13. h3 Nh5 14. Bxe7 Qxe7 15.
e4 Nf4 16. Kh2 Qf6 17. g3 Ng6 18. Nc4 Qxf3 19. Nxd6 Rb8 20. Nxe8 Rxe8 21. Rce1
cxd4 22. cxd4 Nf6 23. Re3 Qh5 24. Be2 Qa5 25. b4 Qa4 26. f3 Rc8 27. Bd1 Qd7 28.
Qb2 Qc7 29. Rf2 Rd8 30. Rc2 Qd7 31. Rd2 Bc8 32. Be2 e5 33. Bf1 exd4 34. Red3
Ne5 35. Ra3 b5 36. Bg2 Nc4 37. Qc1 Nxa3 38. Qxa3 Qc7 39. Qb2 Nh5 40. f4 Qc4 41.
e5 Be6 42. Bf3 Qf1 43. Bg2 Qe1 44. Rf2 Qc3 45. Qb1 0-1

[Event "25. Schweinfurt Open"]
[Site "Schweinfurt"]
[Date "2015.06.04"]
[Round "2.10"]
[White "Gould, Charles"]
[Black "Wilm, Konrad"]
[Result "1-0"]
[WhiteElo "1968"]
[BlackElo "1602"]
[PlyCount "61"]
[EventDate "2015.??.??"]

1. f4 d6 2. Nf3 Nf6 3. b3 g6 4. Bb2 Bg7 5. e3 O-O 6. Be2 c6 7. O-O Nbd7 8. Qe1
e6 9. d3 Qc7 10. Qh4 Re8 11. Nbd2 Nd5 12. Bxg7 Kxg7 13. Qf2 Nc3 14. Ng5 Nxe2+
15. Qxe2 Nf8 16. e4 Qe7 17. Nh3 Kg8 18. e5 dxe5 19. fxe5 Qc5+ 20. Kh1 Nd7 21.
Ne4 Qe7 22. Rf3 Rf8 23. Raf1 h6 24. Qe3 Kg7 25. Nf6 c5 26. Ng4 Qh4 27. Nxh6 f5
28. Nf4 Qe7 29. Rg3 g5 30. Rxg5+ Kxh6 31. Rg6+ 1-0

[Event "25. Schweinfurt Open"]
[Site "Schweinfurt"]
[Date "2015.06.04"]
[Round "2.11"]
[White "Krauß, Josef"]
[Black "Peuckert, Rüdiger"]
[Result "1-0"]
[WhiteElo "2136"]
[BlackElo "1392"]
[PlyCount "83"]
[EventDate "2015.??.??"]

1. e4 e5 2. Nf3 d6 3. d4 exd4 4. Nxd4 Be7 5. Nc3 Nf6 6. g3 Nbd7 7. Bg2 Ne5 8.
h3 c6 9. O-O h6 10. b3 Qa5 11. Bb2 O-O 12. Qe1 Ng6 13. Nf5 Bxf5 14. b4 Qxb4 15.
exf5 Ne5 16. Rb1 Qc5 17. Kh2 Rfe8 18. Bc1 Nh7 19. Be3 Qc4 20. f4 Nd7 21. Rxb7
Nc5 22. Bxc5 Bf6 23. Ne4 dxc5 24. Rf2 Bc3 25. Qxc3 Rxe4 26. Qxc4 Rxc4 27. Bxc6
Rd4 28. Rxf7 Rc8 29. Bb7 Kxf7 30. Bxc8 Nf6 31. Re2 Ne4 32. Be6+ Kf6 33. c4 g6
34. g4 Rd2 35. Rg2 gxf5 36. Bxf5 Rxg2+ 37. Kxg2 Nd2 38. Bd3 a5 39. Kf2 a4 40.
Ke2 Nb3 41. axb3 axb3 42. Kd2 1-0

[Event "25. Schweinfurt Open"]
[Site "Schweinfurt"]
[Date "2015.06.04"]
[Round "2.12"]
[White "Kuhn, Norbert"]
[Black "Bauer, Ron Dominik Steven"]
[Result "1-0"]
[WhiteElo "2116"]
[BlackElo "1733"]
[PlyCount "61"]
[EventDate "2015.??.??"]

1. e4 c6 2. d4 d5 3. Nc3 dxe4 4. Nxe4 Nd7 5. Nf3 Ngf6 6. Nxf6+ Nxf6 7. h3 Bf5
8. Bd3 Bxd3 9. Qxd3 e6 10. Bf4 Be7 11. O-O O-O 12. Qb3 Nd5 13. Be5 Qb6 14. Qxb6
axb6 15. c4 Nb4 16. Bc7 Nxa2 17. Bxb6 Ra6 18. Bc7 Rfa8 19. Rfd1 Nb4 20. Rxa6
Rxa6 21. Ne1 Ra2 22. Rb1 Bg5 23. Bd6 Bd2 24. Nf3 Nc2 25. Nxd2 Nxd4 26. Kf1 f6
27. Bc5 Nf5 28. g4 Nh4 29. Ba3 Ng6 30. Ne4 Nf4 31. Nc3 1-0

[Event "25. Schweinfurt Open"]
[Site "Schweinfurt"]
[Date "2015.06.05"]
[Round "3.1"]
[White "FM Golda, Harald"]
[Black "Pototzky, Daniel"]
[Result "1-0"]
[WhiteElo "2346"]
[BlackElo "2135"]
[PlyCount "181"]
[EventDate "2015.??.??"]

1. Nf3 Nf6 2. g3 g6 3. Bg2 Bg7 4. O-O O-O 5. c4 d5 6. cxd5 Nxd5 7. Nc3 Nb6 8.
d4 Nc6 9. e3 Re8 10. Qe2 e5 11. dxe5 Nxe5 12. Nxe5 Bxe5 13. Rd1 Qe7 14. e4 c6
15. Be3 Qb4 16. a3 Qc4 17. Qc2 Be6 18. f4 Bg7 19. e5 Qb3 20. Rd2 Qxc2 21. Rxc2
Bb3 22. Re2 f6 23. Bd4 fxe5 24. Bxe5 Bxe5 25. fxe5 Kg7 26. Rae1 Re7 27. e6 Rae8
28. Bh3 Nc8 29. Re3 Rd8 30. Ne2 Rd1 31. Rxd1 Bxd1 32. Nf4 g5 33. Nd3 h5 34. Re5
Kg6 35. Bf1 Bg4 36. Nc5 b6 37. h3 Bf5 38. Bd3 Bxd3 39. Nxd3 Kf6 40. h4 gxh4 41.
gxh4 Rxe6 42. Rxh5 Re3 43. Nb4 Ne7 44. Nxc6 Nf5 45. Rh8 Kg6 46. Rg8+ Kf7 47.
Rg4 a5 48. Nd4 Nxd4 49. Rxd4 Re2 50. Rf4+ Kg6 51. Rf2 Re3 52. Rh2 Kh5 53. Kf2
Rb3 54. Ke1 b5 55. Kd1 a4 56. Kc2 b4 57. axb4 Rxb4 58. Rh3 Kg4 59. Re3 Kxh4 60.
Kb1 Kg4 61. Ka2 Rd4 62. Re2 Kf4 63. Ka3 Rc4 64. Re1 Rd4 65. Re7 Kf5 66. Ra7 Ke6
67. Rxa4 Rd6 68. Re4+ Kd7 69. Rc4 Kd8 70. Ka4 Rd7 71. Ka5 Rd5+ 72. Kb6 Rd6+ 73.
Kb5 Rd5+ 74. Rc5 Rd7 75. b4 Rb7+ 76. Ka5 Ra7+ 77. Kb6 Ra8 78. Kb7 Ra4 79. b5
Ra5 80. Rc8+ Kd7 81. Rc7+ Kd6 82. b6 Ra1 83. Rc2 Rb1 84. Ka7 Ra1+ 85. Kb8 Rb1
86. b7 Kd7 87. Rd2+ Kc6 88. Kc8 Rxb7 89. Rc2+ Kb6 90. Rb2+ Ka6 91. Rxb7 1-0

[Event "25. Schweinfurt Open"]
[Site "Schweinfurt"]
[Date "2015.06.05"]
[Round "3.3"]
[White "Promyshlyanskyy, Vitaliy"]
[Black "Krenz, Dieter"]
[Result "1-0"]
[WhiteElo "2217"]
[BlackElo "1978"]
[PlyCount "57"]
[EventDate "2015.??.??"]

1. e4 Nf6 2. e5 Nd5 3. d4 d6 4. Nf3 Bg4 5. Be2 e6 6. h3 Bh5 7. O-O Be7 8. c4
Nb6 9. Nc3 O-O 10. Be3 d5 11. cxd5 Nxd5 12. Qb3 b6 13. Nxd5 Qxd5 14. Bc4 Qb7
15. d5 Bxf3 16. gxf3 exd5 17. Bxd5 c6 18. Be4 Nd7 19. Rac1 Rac8 20. f4 Kh8 21.
Rfd1 Nb8 22. f5 Qc7 23. Bf4 c5 24. Qg3 Rcd8 25. f6 g5 26. Bxg5 Rg8 27. fxe7
Rxd1+ 28. Rxd1 Nd7 29. Rxd7 1-0

[Event "25. Schweinfurt Open"]
[Site "Schweinfurt"]
[Date "2015.06.05"]
[Round "3.4"]
[White "Reinl, Fred"]
[Black "FM Kunz, Konstantin"]
[Result "0-1"]
[WhiteElo "1978"]
[BlackElo "2186"]
[PlyCount "132"]
[EventDate "2015.??.??"]

1. e4 c5 2. Nf3 e6 3. d4 cxd4 4. Nxd4 a6 5. Bd3 Nf6 6. O-O Qc7 7. Be3 d6 8. c4
Nbd7 9. f3 b6 10. Nc3 Bb7 11. Rc1 Be7 12. Bb1 Rc8 13. b3 h5 14. Qe1 h4 15. Qf2
h3 16. g4 Nf8 17. Nde2 N6d7 18. Ng3 Bh4 19. Rfd1 Rd8 20. Bd3 g6 21. Bf1 Be7 22.
Nce2 f5 23. g5 Qc6 24. Nd4 Qc8 25. Nc2 Qa8 26. Bd3 Nc5 27. Bxc5 bxc5 28. Qe3
Kf7 29. Re1 Re8 30. Re2 Qd8 31. f4 Bc8 32. Rce1 Rh4 33. Rf2 Bd7 34. e5 Bc6 35.
Bf1 Qc7 36. Ne2 Rg4+ 37. Ng3 dxe5 38. Qxe5 Qxe5 39. fxe5 Rh4 40. Bd3 Kg8 41.
Be2 Rd8 42. Bf3 Bxf3 43. Rxf3 Bxg5 44. Kf2 Be7 45. Re2 g5 46. Nf1 g4 47. Rg3
Rh7 48. Ne1 Bh4 49. Ke3 Bxg3 50. Nxg3 Ng6 51. Nd3 Rc7 52. Nh5 Kf7 53. Rb2 Rh8
54. Ng3 a5 55. Rf2 Ke7 56. Ne2 Kd7 57. Nc3 g3 58. Rd2 Ke7 59. Rd1 g2 60. Kf2
Rg8 61. Re1 Rd7 62. Nxc5 Rd2+ 63. Ke3 Rc2 64. Kd3 Rxc3+ 65. Kxc3 Nf4 66. Rd1
g1=Q 0-1

[Event "25. Schweinfurt Open"]
[Site "Schweinfurt"]
[Date "2015.06.05"]
[Round "3.5"]
[White "Ziegler, Michael"]
[Black "Gould, Charles"]
[Result "1/2-1/2"]
[WhiteElo "2183"]
[BlackElo "1968"]
[PlyCount "29"]
[EventDate "2015.??.??"]

1. e4 d6 2. c4 g6 3. d4 Nf6 4. Nc3 Bg7 5. Be2 O-O 6. Nf3 Nc6 7. O-O e5 8. d5
Ne7 9. Ne1 Ne8 10. Nd3 f5 11. f3 Kh8 12. Bd2 Ng8 13. Qc1 f4 14. g4 h5 15. gxh5
1/2-1/2